000
00282nam a2200109Ia 4500
008
230907s9999||||xx |||||||||||||| ||und||
082
_a
621.381
_b
ENE
245
0
_a
Energy Storage and Conversion:
260
_a
Narosa Publishing,
_b
New Delhi :
_c
2017
300
_a
195 p.
942
_c
BK
999
_c
599176
_d
599176